000 00952nam a2200289Ia 4500
001 Para_258
003 CHAP
008 220125s1989 xx 000 0 und d
010 _a199016
040 _cCHAP
090 _aPA TESIS 609
100 _aCárdenas Alonso, Moisés R.
_924041
245 _aWeb blight of beans (Phaseolus vulgaris L.) incited by Thanatephorus cucumeris (Frank) Donk in Colombia /
_c by Moisés R. Cárdenas Alonso
260 _aIthaca, N.Y. :
_b the author
300 _a163 h.
502 _aTesis (Ph.D.) Cornell University. Faculty of the Graduate School
650 _aFrijol
_x enfermedades por hongos
_943369
650 _aThanatephorus
_9112606
710 _aCornell University. Faculty of the Graduate School
_9164324
901 _aPA TESIS 609
902 _aM
905 _a0000001989 0000000000 00
910 _a1989
942 _cPARA
942 _cPARA
_d1
999 _c199016
_d199016